Teórie ústavnej zmeny v Spojených štátoch amerických

Jedným zo spôsobov zmeny ústavného textu je prijatie ústavného dodatku tak, ako to predpisuje piaty ústavný článok. Komplikovanosť tohto procesu dala priestor inému spôsobu, a to zmene významu textového znenia. K uvedenej zmene dochádza primárne prostredníctvom rozhodnutí Najvyššieho súdu Spojených...

Ausführliche Beschreibung

Gespeichert in:
Bibliographische Detailangaben
1. Verfasser: Futó, Gilbert
Format: Buchkapitel
Sprache:Slowakisch
Schlagworte:
Tags: Tag hinzufügen
Keine Tags, Fügen Sie das erste Tag hinzu!

MARC

LEADER 00000naa$a2200000$$$4500
001 0249523
005 20240502074006.1
041 0 |a slo 
044 |a SK 
245 1 0 |a Teórie ústavnej zmeny v Spojených štátoch amerických  |c Gilbert Futó 
520 |a Jedným zo spôsobov zmeny ústavného textu je prijatie ústavného dodatku tak, ako to predpisuje piaty ústavný článok. Komplikovanosť tohto procesu dala priestor inému spôsobu, a to zmene významu textového znenia. K uvedenej zmene dochádza primárne prostredníctvom rozhodnutí Najvyššieho súdu Spojených štátov, ale dôležitú úlohu zohrávajú aj ďalšie zložky moci. Príspevok sa venuje skúmaniu troch hlavných teórií ústavnej zmeny v Spojených štátoch. 
610 2 0 |a zákony 
610 2 0 |a legislatíva 
610 2 0 |a ústava 
610 2 0 |a deklarácia 
610 2 0 |a súdy 
610 2 0 |a súdy ústavné 
610 2 0 |a USA 
100 1 |a Futó, Gilbert